[Event "WchT U26"]
[Site "Chicago"]
[Date "1983.??.??"]
[Round "?"]
[White "Fedorowicz, John P"]
[Black "Psakhis, Lev"]
[Result "0-1"]
[WhiteElo "2430"]
[BlackElo "2580"]

1.d4 Nf6 2.c4 e6 3.Nf3 c5 4.d5 exd5 5.cxd5 d6 6.Nc3 g6 7.Bf4 a6 8.a4 Bg7
9.e4 Bg4 10.Be2 Bxf3 11.Bxf3 O-O 12.O-O Qe7 13.e5 dxe5 14.d6 Qe6 15.Bg5 Nbd7
16.Bxb7 Rab8 17.Bd5 Nxd5 18.Nxd5 Rxb2 19.Be7 Rc8 20.Nc7 Qc4 21.a5 e4 22.Rc1 Qd4
23.Nd5 Rcb8 24.Nb6 Rb7 25.Nxd7 Rxd7 26.Rb1 Qxd1 27.Rfxd1 c4 28.Rdc1 Rxb1
29.Rxb1 Be5 30.Rb6 c3 31.Rc6 Kg7 32.Kf1 c2 33.Rxc2 Bxd6 34.Bxd6 Rxd6 35.Rc5 Rd1+
36.Ke2 Ra1 37.Ke3 f5 38.Rc7+ Kh6 39.Rc5 Kg5 40.Rd5 Ra3+ 41.Ke2 h5 42.Rc5 h4
43.Rd5 Ra1 44.g3 h3 45.Rc5 Rh1 46.Rc6 Rxh2 47.Rxa6 Rh1 48.Ra8 Kg4  0-1

[Event "New York"]
[Site "New York"]
[Date "1983.??.??"]
[Round "5"]
[White "Fedorowicz, John P"]
[Black "Murrey, Jacob"]
[Result "1/2-1/2"]
[WhiteElo "2430"]
[BlackElo "2500"]

1.d4 e6 2.e4 c5 3.d5 exd5 4.exd5 d6 5.c4 Ne7 6.Nc3 g6 7.Ne4 Bg7 8.Qa4+ Kf8
9.Nf3 Bf5 10.Bd3 Nd7 11.Qc2 Bxe4 12.Bxe4 b5 13.cxb5 Qa5+ 14.Nd2 Qxb5 15.Bd3 Qb7
16.O-O Be5 17.Nc4 Kg7 18.Be4 Rhd8 19.Nxe5 Nxe5 20.f4 Nd7 21.b3 Ng8 22.Bb2+ Ngf6
23.g4 Kg8 24.Bf3 h6 25.h4 Qb4 26.g5 Nh7 27.Bg2 Rab8 28.Bc3 Qb6 29.Kh2 c4
30.b4 hxg5 31.hxg5 Re8 32.Rae1 Re3 33.Rxe3 Qxe3 34.Rf3 Qe7 35.Qf2 Re8 36.Qxa7 Ne5
37.Qd4 Nxf3+ 38.Bxf3 f6 39.Bg4 Ra8 40.Be6+ Kf8 41.b5 Qa7 42.b6 Qxa2+ 43.Kg3 Qb3
44.b7 Qxb7 45.Qxc4 Qa6  1/2-1/2

[Event "New York"]
[Site "New York"]
[Date "1983.??.??"]
[Round "7"]
[White "Bisguier, Arthur Bernard"]
[Black "Fedorowicz, John P"]
[Result "1/2-1/2"]
[WhiteElo "2430"]
[BlackElo "2430"]

1.e4 c5 2.Nf3 d6 3.Nc3 Nc6 4.d4 cxd4 5.Nxd4 Nf6 6.Be2 e6 7.O-O Be7 8.Be3 O-O
9.Qd2 a6 10.a4 Qc7 11.f4 Re8 12.Nb3 b6 13.Bf3 Rb8 14.g4 Bf8 15.g5 Nd7 16.h4 Na5
17.Nxa5 bxa5 18.b3 Bb7 19.Ne2 Nc5 20.Qc3 Rbc8 21.Bxc5 Qd8 22.Rfd1 d5 23.e5 Bxc5+
24.Kg2 Ba7 25.Qb2 f6 26.c4 Qb6 27.Qd4 dxc4 28.Qxb6 Bxf3+ 29.Kxf3 Bxb6 30.gxf6 gxf6
31.exf6 Bd8 32.Rg1+ Kf8 33.Rac1 Bxf6 34.Rxc4 Rb8 35.Nd4 Bxd4 36.Rxd4 Rxb3+
37.Ke4 Rb4 38.Ke5 Rxd4 39.Kxd4 Kf7 40.Rg5 Rd8+ 41.Ke4 Kf6 42.Rxa5 Rd6 43.Rh5 Kg6
44.Rc5 Kf6 45.Ra5 h6 46.Kf3 Rd3+ 47.Kg4 Rd4 48.Rxa6 h5+  1/2-1/2

[Event "New York"]
[Site "New York"]
[Date "1983.??.??"]
[Round "8"]
[White "Fedorowicz, John P"]
[Black "Burger, Karl"]
[Result "0-1"]
[WhiteElo "2430"]
[BlackElo "2360"]

1.c4 Nf6 2.Nc3 e5 3.Nf3 Nc6 4.e3 Be7 5.Be2 O-O 6.O-O Re8 7.d3 Bf8 8.a3 a5
9.b3 g6 10.Bb2 Bg7 11.Qc2 d6 12.h3 h6 13.Nd5 Nxd5 14.cxd5 Ne7 15.e4 c6 16.dxc6 Nxc6
17.Rab1 Be6 18.Ba1 Rc8 19.Qd2 d5 20.Qb2 Qd6 21.b4 axb4 22.axb4 b5 23.Rfc1 d4
24.Bf1 Bf8 25.Qd2 Nxb4 26.Nh2 Rxc1 27.Rxc1 Ra8 28.f4 Ra2 29.fxe5 Qxe5 30.Nf3 Qg3
31.Bb2 Bxh3 32.Ra1 Be6 33.Rxa2 Nxa2 34.Bxd4 b4 35.Bf2 Qb8 36.d4 b3 37.Qb2 Qb4
38.d5 Bg4 39.Bd3 Bc5 40.Bxc5 Qxc5+ 41.Nd4 Nc3  0-1

[Event "New York"]
[Site "New York"]
[Date "1983.??.??"]
[Round "11"]
[White "Henley, Ron W"]
[Black "Fedorowicz, John P"]
[Result "1/2-1/2"]
[WhiteElo "2525"]
[BlackElo "2430"]

1.d4 Nf6 2.Nf3 e6 3.Bf4 b6 4.h3 Bb7 5.Nbd2 Be7 6.e3 O-O 7.Bd3 c5 8.c3 Nc6
9.a3 cxd4 10.exd4 d6 11.Nc4  1/2-1/2

[Event "USA-ch"]
[Site "Berkeley"]
[Date "1984.??.??"]
[Round "4"]
[White "Fedorowicz, John P"]
[Black "Kudrin, Sergey"]
[Result "1-0"]
[WhiteElo "2485"]
[BlackElo "2550"]

1.d4 Nf6 2.c4 e6 3.Nf3 c5 4.d5 exd5 5.cxd5 g6 6.Nc3 Bg7 7.e4 d6 8.Nd2 O-O
9.Be2 Ne8 10.O-O f5 11.exf5 Bxf5 12.Nde4 Na6 13.Bg5 Nf6 14.Ng3 Bd7 15.Qd2 Qb6
16.h3 Rae8 17.Rfe1 Nc7 18.Bf3 Nb5 19.Nxb5 Qxb5 20.b3 Qb6 21.Rxe8 Nxe8 22.Re1 Be5
23.Rxe5 dxe5 24.Be7 Rf7 25.d6 Qb4 26.Qd5 c4 27.Ne4 h6 28.Nc5 Bc6 29.d7 Qe1+
30.Kh2 Bxd5 31.dxe8=Q+ Kg7 32.Bxd5 Rxf2 33.Qg8+  1-0

[Event "New York op"]
[Site "New York"]
[Date "1984.??.??"]
[Round "1"]
[White "Fedorowicz, John P"]
[Black "Schroer, Jonathan"]
[Result "1-0"]
[WhiteElo "2475"]
[BlackElo "2315"]

1.d4 Nf6 2.c4 d6 3.Nc3 Nbd7 4.e4 e5 5.Nf3 c6 6.Be2 g6 7.O-O Bg7 8.Qc2 O-O
9.Rd1 Qe7 10.d5 c5 11.a3 h6 12.g3 Nh7 13.b4 Ng5 14.Nxg5 hxg5 15.Qd2 Bf6 16.Rb1 Kg7
17.Re1 Rh8 18.Nd1 Qd8 19.Ne3 Be7 20.Bb2 b6 21.g4 Qc7 22.f3 Bb7 23.Bd1 Rh3
24.Rf1 a6 25.Rf2 Rhh8 26.Bc3 f6 27.Qa2 Rhb8 28.Be1 Bc8 29.Rfb2 Rb7 30.h4 gxh4
31.Bxh4 cxb4 32.axb4 a5 33.Be1 Rba7 34.bxa5 bxa5 35.Rh2 Bb7 36.Qg2 Rh8 37.Nf5+  1-0

[Event "New York op"]
[Site "New York"]
[Date "1984.??.??"]
[Round "5"]
[White "Fedorowicz, John P"]
[Black "Sosonko, Gennadi"]
[Result "1/2-1/2"]
[WhiteElo "2475"]
[BlackElo "2560"]

1.d4 Nf6 2.c4 e6 3.Nc3 Bb4 4.e3 c5 5.Ne2 cxd4 6.exd4 O-O 7.a3 Be7 8.d5 exd5
9.cxd5 Re8 10.d6 Bf8 11.g3 b6 12.Bg2 Nc6 13.Nb5 Ba6 14.a4 Rc8 15.O-O Bxb5
16.axb5 Na5 17.Nc3 h6 18.Bf4 g5 19.Be3 Re6  1/2-1/2

[Event "New York op"]
[Site "New York"]
[Date "1984.??.??"]
[Round "7"]
[White "McCambridge, Vincent"]
[Black "Fedorowicz, John P"]
[Result "1/2-1/2"]
[WhiteElo "2465"]
[BlackElo "2475"]

1.d4 Nf6 2.c4 c5 3.d5 e6 4.Nc3 exd5 5.cxd5 d6 6.Nf3 g6 7.Nd2 Bg7 8.e4 O-O
9.Be2 Nbd7 10.O-O Re8 11.a4 Ne5 12.h3 g5 13.Nf3 Nxf3+ 14.Bxf3 Re5 15.Be2 Nxe4
16.f4 Nxc3 17.bxc3 gxf4 18.Bxf4 Re8 19.Bd3 f5 20.Qh5 Rf8 21.Rae1 c4 22.Bxc4 Bd7
23.Bg5 Qb6+ 24.Be3 Qc7 25.Bd4 Bxd4+ 26.cxd4 Rf7 27.Rf3 Raf8 28.Bd3 Qa5 29.Qh4 Qd8
30.Qh6 Rg7 31.Qxd6 Qh4 32.Ref1 Qxd4+ 33.Kh1 Rgf7 34.Rg3+ Kh8 35.Rf4 Qf6 36.Qb4 b6
37.Kh2 a5 38.Qd4  1/2-1/2

[Event "New York op"]
[Site "New York"]
[Date "1984.??.??"]
[Round "8"]
[White "Fedorowicz, John P"]
[Black "London, Dimitri"]
[Result "1-0"]
[WhiteElo "2475"]
[BlackElo "2335"]

1.c4 Nf6 2.Nc3 d5 3.cxd5 Nxd5 4.Nf3 g6 5.Qa4+ Bd7 6.Qb3 Nb6 7.d4 Bg7 8.e4 O-O
9.Be3 a5 10.Rd1 a4 11.Qc2 Bg4 12.Be2 Bxf3 13.gxf3 Nc6 14.d5 Ne5 15.Nb5 Ra5
16.Na3 Qc8 17.h4 h5 18.f4 Ng4 19.Bd2 Ra8 20.f3 Nf6 21.f5 gxf5 22.Rg1 Kh8
23.e5 Nh7 24.Bb4 Bxe5 25.Bxe7 Rg8 26.Bc5 Rxg1+ 27.Bxg1 Qg8 28.Bf2 Re8 29.d6 Qg2
30.d7 Rd8 31.f4 Bxf4 32.Qc3+ f6 33.Qf3 Qxf3 34.Bxf3 Nxd7 35.Bxb7 Bd6 36.Nc4 Ne5
37.Nxd6 cxd6 38.Rd4  1-0

[Event "New York op"]
[Site "New York"]
[Date "1984.??.??"]
[Round "9"]
[White "Kogan, Boris"]
[Black "Fedorowicz, John P"]
[Result "1-0"]
[WhiteElo "2450"]
[BlackElo "2475"]

1.d4 Nf6 2.Nf3 e6 3.g3 c5 4.Bg2 cxd4 5.Nxd4 Nc6 6.O-O Bc5 7.Nxc6 bxc6 8.c4 O-O
9.Qc2 Be7 10.e4 e5 11.Nc3 d6 12.b3 Qc7 13.Bb2 Nd7 14.Rad1 a5 15.Na4 Nb6 16.Nxb6 Qxb6
17.c5 Qc7 18.Ba3 dxc5 19.Bxc5 a4 20.b4 Ba6 21.Rfe1 Bb5 22.a3 h6 23.Bf1 Rfd8
24.Bxe7 Qxe7 25.Bxb5 cxb5 26.Qc6 Rab8 27.Rxd8+ Qxd8 28.Rc1 Qe7 29.Rc5 Qe8
30.Qxe8+ Rxe8 31.Rxb5  1-0

[Event "Havana-A"]
[Site "Havana"]
[Date "1985.??.??"]
[Round "?"]
[White "Fedorowicz, John P"]
[Black "Herrera Perez, Juventino"]
[Result "1-0"]
[WhiteElo "2520"]
[BlackElo "2350"]

1.d4 Nf6 2.Nf3 b5 3.e3 a6 4.Bd3 Bb7 5.Nbd2 e6 6.e4 c5 7.c3 cxd4 8.cxd4 Nc6
9.O-O Qb6 10.d5 Nb4 11.Bb1 exd5 12.e5 Ne4 13.a3 Nxd2 14.Qxd2 Nc6 15.Qxd5 Nd8
16.Qd3 Ne6 17.b4 Rc8 18.Rd1 Qd8 19.Be3 g6 20.Ba2 Bg7 21.Bd5 Bc6 22.Bxc6 dxc6
23.Qe4 Qc7 24.Rac1 O-O 25.h4 Rfe8 26.Rd6 Nd8 27.Qd4 Qb8 28.h5 Ne6 29.Qb6 Qxb6
30.Bxb6 gxh5 31.Rdxc6 Ra8 32.g3 h4 33.Nxh4 Bxe5 34.Nf5 Bb2 35.Rb1 Be5 36.Rd1 Bb2
37.Rd3 h5 38.Rc2 Be5 39.Rd7 Bg7 40.Kg2 Bf8 41.Rc1 Reb8 42.Ba5 Rc8 43.Rh1 Rc3
44.Rxh5 Bg7 45.Rh4 Nf8 46.Ne7+  1-0

[Event "Havana-A"]
[Site "Havana"]
[Date "1985.??.??"]
[Round "?"]
[White "Fedorowicz, John P"]
[Black "Schussler, Harry"]
[Result "1/2-1/2"]
[WhiteElo "2520"]
[BlackElo "2455"]

1.e4 e5 2.Nf3 Nf6 3.Nxe5 d6 4.Nf3 Nxe4 5.d4 d5 6.Bd3 Nc6 7.O-O Be7 8.c4 Nf6
9.h3 O-O 10.Nc3 Nb4 11.Be2 dxc4 12.Bxc4 Nbd5 13.Re1 c6 14.Bd3 h6 15.a3 Be6
16.Bc2 Rc8 17.Na4 b6 18.b4 Nc7 19.Ne5 Nb5 20.Bb2 Nd6 21.Rc1 Rc7 22.Bb1 Qc8
23.Nc3 Rd8 24.Qf3 Bf8 25.Ne2 Bd5 26.Qf4 Be4 27.Bxe4 Nfxe4 28.Rc2 Qb7 29.Rec1 Rdc8
30.Nc3 Nf6 31.Qf3 a5 32.bxa5 bxa5 33.Na4 Qb5 34.Nc5 Nb7 35.a4 Qb6 36.Ba3 Nd8
37.Rb2 Qa7 38.Rcb1 Qa8 39.Nc4 Nd5 40.Ne4 Bxa3 41.Qxa3 Ne6 42.Rd1 Rd8 43.Ned6  1/2-1/2

[Event "Havana-A"]
[Site "Havana"]
[Date "1985.??.??"]
[Round "?"]
[White "Pecorelli Garcia, Humberto"]
[Black "Fedorowicz, John P"]
[Result "1/2-1/2"]
[WhiteElo "2435"]
[BlackElo "2520"]

1.d4 Nf6 2.Nf3 g6 3.Bf4 Bg7 4.e3 O-O 5.Be2 c5 6.O-O Qb6 7.Nbd2 d5 8.c4 cxd4
9.Nxd4 Nc6 10.Nxc6 bxc6 11.cxd5 cxd5 12.Be5 Ba6 13.Bxa6 Qxa6 14.Nf3 Rac8
15.h3 Rfd8 16.a3 Ne4 17.Bxg7 Kxg7 18.Rc1 Rxc1 19.Qd4+ Kg8 20.Rxc1 Qe2 21.Rf1 a6
22.b4 Qc4 23.Qa7 Kf8 24.Ne5 Qc3 25.Nd7+ Kg7 26.Nc5 Nxc5 27.bxc5 Rc8 28.Qxa6 Rxc5
29.Rd1 e6 30.Qd3 Qxd3 31.Rxd3 Rc1+ 32.Kh2 Ra1 33.Kg3 Kf6 34.Rb3 g5 35.h4 h6
36.hxg5+ hxg5 37.Kf3 Ke5 38.g4 f6 39.Kg2 f5 40.gxf5 Kxf5 41.f3 e5 42.Rb5 Ra2+
43.Kg3 Ke6 44.Rb6+ Kf5 45.Rd6 Rxa3 46.Rxd5 Rxe3 47.Rd8 e4 48.Rf8+ Kg6 49.Kf2 Rxf3+
50.Rxf3 exf3 51.Kxf3  1/2-1/2

[Event "Havana-A"]
[Site "Havana"]
[Date "1985.??.??"]
[Round "?"]
[White "Utasi, Tamas"]
[Black "Fedorowicz, John P"]
[Result "1/2-1/2"]
[WhiteElo "2480"]
[BlackElo "2520"]

1.e4 c5 2.Nf3 d6 3.d4 cxd4 4.Nxd4 Nf6 5.Nc3 Nc6 6.Be3 Ng4 7.Bg5 h6 8.Bh4 g5
9.Bg3 Bg7 10.Nb3 h5 11.h4 gxh4 12.Bxh4 Be6 13.Qd2 Qd7 14.Bg5 f5 15.O-O-O O-O-O
16.exf5 Bxc3 17.bxc3 Bxf5 18.Bb5 Rdg8 19.Rhe1 Rh7 20.f4 Qc7 21.Bd3 Bxd3 22.Qxd3 Rf7
23.Qd5 Rgf8 24.g3 Kb8 25.Re2 Qb6 26.Rde1 Nf6 27.Bxf6 Rxf6 28.Qxh5 e5 29.Qh7 a5
30.a4 exf4 31.gxf4 Rxf4 32.Re8+ Ka7 33.Rxf8 Rxf8 34.Qd3 Rf4 35.Re4 Ne5 36.Qd5 Rxe4
37.Qxe4 Qc6 38.Qd4+ Ka6 39.Nd2 b6 40.Kb2 Kb7 41.Qe4 Qxe4 42.Nxe4 Kc6 43.Kb3 d5
44.Ng3 Nf3 45.Nf5 Nd2+ 46.Ka3 Kd7 47.Nd4 Ne4 48.Kb3 Nd6 49.Kb2 Ke7 50.Ka2 Kf6
51.Kb3 Ne4 52.Kb2 Nc5 53.Ka3 Ke5 54.Nb5 Ne6 55.Kb3 Kf4 56.Nd6 Nc5+ 57.Ka3 Ne4
58.Nc8 Nxc3 59.Nxb6 Ke3 60.Nd7  1/2-1/2

[Event "New York Manhattan"]
[Site "New York"]
[Date "1985.??.??"]
[Round "5"]
[White "Lobron, Eric"]
[Black "Fedorowicz, John P"]
[Result "1-0"]
[WhiteElo "2505"]
[BlackElo "2520"]

1.d4 Nf6 2.Nf3 c5 3.e3 g6 4.dxc5 Qa5+ 5.Nbd2 Qxc5 6.a3 Bg7 7.b4 Qc7 8.Bb2 O-O
9.c4 b6 10.Be2 Bb7 11.O-O d6 12.Qb3 Nbd7 13.Rac1 Rad8 14.Nd4 a6 15.Bf3 e5
16.Bxb7 Qxb7 17.Ne2 b5 18.Rc2 Nb6 19.Rfc1 Na4 20.Ba1 Rc8 21.h3 Rfe8 22.Nc3 Nxc3
23.Rxc3 h6 24.R3c2 Rc6 25.cxb5 Rxc2 26.Qxc2 axb5 27.Qc6 Qb8 28.Bb2 Rd8 29.Nb3 Ne8
30.Na5 Bf8 31.Nb7  1-0

[Event "New York Manhattan"]
[Site "New York"]
[Date "1985.??.??"]
[Round "8"]
[White "Taylor, Timothy"]
[Black "Fedorowicz, John P"]
[Result "0-1"]
[WhiteElo "2480"]
[BlackElo "2520"]

1.d4 Nf6 2.c4 g6 3.Nc3 Bg7 4.e4 d6 5.Bd3 Nc6 6.Nge2 e5 7.d5 Ne7 8.f3 h5 9.O-O h4
10.Be3 Bh6 11.Bxh6 Rxh6 12.c5 Kf8 13.f4 exf4 14.Nxf4 Kg7 15.Qf3 g5 16.Nfe2 Ng6
17.Rad1 Qe7 18.Nd4 Qe5 19.Qf2 Qe7 20.c6 b6 21.Qxf6+ Qxf6 22.Rxf6 Kxf6 23.Ndb5 a6
24.Nxc7 Ra7 25.Ne8+ Ke5 26.Ng7 Nf4 27.Bf1 Rh8 28.Na4 Kxe4 29.Nxb6 Bg4 30.Re1+ Kd4
31.h3 Rb8 32.Nc4 Bc8 33.Re8 Kxd5 34.Rxc8 Rxc8 35.Nb6+ Kxc6 36.Nxc8 Ra8 37.Ne7+ Kc5
38.Ngf5 a5 39.g3 hxg3 40.Nxg3 d5 41.a4 Rh8 42.Bb5 Rxh3 43.Ngf5 d4 44.Kf2 g4
45.Nc6 Rf3+ 46.Ke1 Ng2+ 47.Ke2 Rxf5 48.Nxa5 g3 49.Nb3+ Kd5 50.Bc6+ Ke5 51.Bxg2 Rf2+
52.Kd3 Rxg2 53.Nxd4 Rxb2 54.Ke3 g2 55.Nf3+ Kd5 56.Ng1 Kc5 57.Kf3 Kb4 58.Kg3 Kxa4
59.Kh2 Kb4 60.Kh3 Kc4  0-1

[Event "Paris"]
[Site "Paris"]
[Date "1986.??.??"]
[Round "?"]
[White "Fedorowicz, John P"]
[Black "Haik, Aldo"]
[Result "1-0"]
[WhiteElo "2525"]
[BlackElo "2450"]

1.d4 Nf6 2.c4 e5 3.dxe5 Ng4 4.Nf3 Bc5 5.e3 Nc6 6.Bd2 O-O 7.Bc3 Re8 8.Be2 Ncxe5
9.Nxe5 Nxe5 10.Nd2 a5 11.Qc2 d6 12.O-O-O Qh4 13.g3 Qh3 14.Nb3 b6 15.Nxc5 bxc5
16.Bf1 Qh5 17.h3 Bb7 18.g4 Qh4 19.Rg1 Bf3 20.Re1 Nc6 21.Rg3 Nb4 22.Bxb4 Be4
23.Bd3 Bxd3 24.Qxd3 axb4 25.Kb1 Re6 26.Rf3 Rae8 27.Rg1 Re4 28.Qd5 Qe7 29.Rd1 g6
30.b3 Kg7 31.Rg3 Qf6 32.Qd2 R4e5 33.Qb2 h5 34.Qe2 hxg4 35.hxg4 Rh8 36.Rg2 Rh3
37.Rdg1 Qf4 38.Qc2 Qf3 39.Rg3 Rxg3 40.Rxg3 Qh1+ 41.Qc1 Qe4+ 42.Qc2 Qxc2+
43.Kxc2 f5 44.f4 Re7 45.gxf5 Kf6 46.fxg6 Rg7 47.Kd3 Kf5 48.Rg5+ Kf6 49.e4 Rxg6
50.Rxg6+ Kxg6 51.Ke3 Kh5 52.e5 dxe5 53.Ke4 Kg6 54.Kxe5  1-0

[Event "Paris"]
[Site "Paris"]
[Date "1986.??.??"]
[Round "?"]
[White "Fedorowicz, John P"]
[Black "Miralles, Gilles"]
[Result "1/2-1/2"]
[WhiteElo "2525"]
[BlackElo "2410"]

1.e4 e5 2.Nf3 Nc6 3.Bb5 a6 4.Ba4 Nf6 5.O-O Be7 6.Re1 b5 7.Bb3 O-O 8.c3 d6
9.h3 Nd7 10.d3 Nb6 11.Nbd2 Na5 12.Bc2 c5 13.Nf1 Be6 14.Ng3 g6 15.d4 Bf6 16.d5 Bd7
17.b3 Nb7 18.Bh6 Re8 19.Qd2 c4 20.b4 a5 21.a3 Ra6 22.Nh2 Bg7 23.Be3 Qe7 24.Rf1 Rea8
25.Rae1 axb4 26.axb4 Be8 27.Ng4 Nd7 28.Bb1 Ra3 29.Ne2 f6 30.f4 R8a6 31.Bf2 Nd8
32.h4 h5 33.Nh2 exf4 34.Nxf4 Ne5 35.Bd4 Kh7 36.Qf2 Bd7 37.Qg3 Qe8 38.Nf3 Ndf7
39.Nxe5 Nxe5 40.Kh1 Bg4 41.Nh3 Rb3 42.Nf2  1/2-1/2

[Event "Paris"]
[Site "Paris"]
[Date "1986.??.??"]
[Round "?"]
[White "Fedorowicz, John P"]
[Black "Dlugy, Maxim"]
[Result "1/2-1/2"]
[WhiteElo "2525"]
[BlackElo "2500"]

1.c4 c5 2.Nc3 g6 3.g3 Bg7 4.Bg2 Nc6 5.e3 e6 6.Nge2 Nge7 7.O-O O-O 8.d4 cxd4
9.Nxd4 Nxd4 10.exd4 d5 11.cxd5 Nxd5 12.Nxd5 exd5  1/2-1/2

[Event "Paris"]
[Site "Paris"]
[Date "1986.??.??"]
[Round "?"]
[White "Gulko, Boris F"]
[Black "Fedorowicz, John P"]
[Result "1-0"]
[WhiteElo "2520"]
[BlackElo "2525"]

1.d4 Nf6 2.c4 e6 3.Nc3 Bb4 4.g3 c5 5.Nf3 cxd4 6.Nxd4 O-O 7.Qb3 Bc5 8.Be3 Qe7
9.Bg2 Nc6 10.Rd1 Ng4 11.Nxc6 bxc6 12.Bxc5 Qxc5 13.Ne4 Qa5+ 14.Qc3 Qxc3+ 15.Nxc3 Rb8
16.b3 d5 17.O-O Ba6 18.Na4 dxc4 19.Nc5 Bc8 20.Rd4 Nf6 21.Rxc4 Nd5 22.Rfc1 Re8
23.Ra4 Ra8 24.Ra5 Kf8 25.Rc4 Rd8 26.Bf3 Ne7 27.Rca4 e5 28.Kg2 f5 29.e4 f4
30.Rxa7 Rxa7 31.Rxa7 g5 32.h3 Rd2 33.a4 Kf7 34.a5 Kf6 35.a6 Ra2 36.Bg4 Bxg4
37.hxg4 fxg3 38.Kxg3 Ra5 39.Nd7+ Ke6 40.Nf8+ Kf7 41.Nxh7 Ra3 42.Nxg5+ Kf6
43.Nh7+ Ke6 44.Nf8+ Kf7 45.Nd7 Rxb3+ 46.f3 Rb5 47.Rb7  1-0

[Event "Paris"]
[Site "Paris"]
[Date "1986.??.??"]
[Round "?"]
[White "Kouatly, Bachar"]
[Black "Fedorowicz, John P"]
[Result "1/2-1/2"]
[WhiteElo "2430"]
[BlackElo "2525"]

1.d4 Nf6 2.c4 c5 3.d5 b5 4.cxb5 a6 5.e3 Bb7 6.Nc3 axb5 7.Bxb5 Qa5 8.Ne2 Nxd5
9.O-O Nf6 10.e4 Nxe4 11.Bf4 Nf6 12.Re1 Nc6 13.Ng3 Nd4 14.a4 e6 15.Be5 Be7
16.Nh5 Nxh5 17.Qxh5 Nxb5 18.Nxb5 O-O 19.Rad1 Bc6 20.b3 Qb4 21.Re3 f6 22.Bc3 Qxb3
23.Bxf6 Qc2 24.Na3 Qa2 25.Ra1 Qd2 26.Nc4 Qxe3 27.fxe3 Bxf6 28.Ra3 Rfb8 29.h4 Be7
30.Ra1 Rb4 31.Ne5 Rxh4 32.Qd1 Bg5 33.Ra3 Bxa4 34.Qd6 Re4 35.Qxc5 Bh4 36.Nf3 Bf6
37.Qd6 Bc6 38.Rb3 h5 39.Rb8+ Rxb8 40.Qxb8+ Kf7 41.Qh8 h4 42.Qh5+ Ke7 43.Qc5+ Kf7
44.Qh5+ Kf8 45.Qc5+ Kg8 46.Qh5 d5 47.Ng5 Bxg5 48.Qxg5 Kf7 49.Qd8 Ba4  1/2-1/2

[Event "Philadelphia"]
[Site "Philadelphia"]
[Date "1986.??.??"]
[Round "?"]
[White "Fedorowicz, John P"]
[Black "Frias, Victor J"]
[Result "1/2-1/2"]
[WhiteElo "2500"]
[BlackElo "2440"]

1.Nf3 Nf6 2.g3 g6 3.Bg2 Bg7 4.O-O O-O 5.c4 c5 6.Nc3 Nc6 7.e3 e6 8.d4 cxd4
9.Nxd4 Nxd4 10.exd4 d5 11.cxd5 exd5  1/2-1/2

[Event "Philadelphia"]
[Site "Philadelphia"]
[Date "1986.??.??"]
[Round "?"]
[White "Fedorowicz, John P"]
[Black "Goregliad, Sergei"]
[Result "1-0"]
[WhiteElo "2500"]
[BlackElo "2315"]

1.d4 Nf6 2.c4 c5 3.d5 b5 4.Nf3 e6 5.Bg5 d6 6.Qc2 Be7 7.dxe6 Bxe6 8.cxb5 O-O
9.e3 a6 10.Nc3 h6 11.Bh4 Nd5 12.Bxe7 Qxe7 13.Be2 axb5 14.Bxb5 Na6 15.O-O Nab4
16.Qd2 Nxc3 17.bxc3 Nxa2 18.c4 Nb4 19.Qc3 d5 20.h3 dxc4 21.Bxc4 Rxa1 22.Rxa1 Rc8
23.Ne5 Bd5 24.f4 Bxc4 25.Qxc4 Nc6 26.Qa6 Qe6 27.Nc4 Rd8 28.Qb5 Qd5 29.Kh2 Rb8
30.Qa6 Nb4 31.Qa7 Re8 32.Ne5 Nc6 33.Qa4 Rc8 34.Rd1 Qe6 35.Nc4 Nb4 36.Qd7 Re8
37.Qxe6 Rxe6 38.Rd8+ Kh7 39.f5 Re7 40.Kg1 g6 41.fxg6+ Kxg6 42.Kf2 Re4 43.Nd2 Re5
44.Nc4 Re4 45.Rd6+ f6 46.Nd2 Re8 47.Kf3 Nc2 48.Nc4 Nb4 49.e4 Nc2 50.e5 Nd4+
51.Ke4 Ne6 52.Kd5 Nf4+ 53.Kc6 Kg7 54.Rxf6 Nd3 55.Rf5 Re6+ 56.Kd7 Ra6 57.e6 Ra7+
58.Kd6 Ra6+ 59.Kd5 Nb4+ 60.Kxc5 Nd3+ 61.Kd4 Nb4 62.Rf7+ Kg8 63.Ke5 Nc6+ 64.Kf6 Nd8
65.Re7 Kf8 66.Ne5  1-0

[Event "Philadelphia"]
[Site "Philadelphia"]
[Date "1986.??.??"]
[Round "?"]
[White "Klein, Lawrence"]
[Black "Fedorowicz, John P"]
[Result "0-1"]
[WhiteElo "2365"]
[BlackElo "2500"]

1.d4 Nf6 2.Nf3 e6 3.c4 b6 4.Nc3 Bb7 5.a3 g6 6.g3 c5 7.d5 exd5 8.cxd5 Bg7
9.Bg2 O-O 10.O-O d6 11.e4 Nbd7 12.Bf4 Qe7 13.Nd2 Ba6 14.Re1 Nh5 15.Qa4 Bd3
16.Be3 b5 17.Qd1 b4 18.Na4 a5 19.Rc1 Rfb8 20.Bf1 Bxf1 21.Rxf1 Ne5 22.Nc4 Nxc4
23.Rxc4 Nf6 24.Bg5 h6 25.Bxf6 Bxf6 26.axb4 axb4 27.b3 Bd4 28.Qd3 Re8 29.Rcc1 Qxe4
30.Qxe4 Rxe4 31.Rfe1 Rxe1+ 32.Rxe1 c4 33.Rb1 cxb3 34.Nb2 Ra2 35.Nd3 b2  0-1

[Event "Philadelphia"]
[Site "Philadelphia"]
[Date "1986.??.??"]
[Round "?"]
[White "Dauvergne, Peter"]
[Black "Fedorowicz, John P"]
[Result "1/2-1/2"]
[WhiteElo "2200"]
[BlackElo "2500"]

1.d4 Nf6 2.c4 e6 3.Nc3 Bb4 4.a3 Bxc3+ 5.bxc3 c5 6.Nf3 d5 7.e3 O-O 8.Bd3 Nc6
9.O-O Qc7 10.cxd5 exd5 11.Qc2 c4 12.Be2 Bg4 13.a4 Rfe8 14.Ba3 Ne4 15.Rab1 Rad8
16.Rfc1 Na5 17.Nh4 Bxe2 18.Qxe2 Nb3 19.Rc2 Qd7 20.f3 Ng5 21.Ra2 f5 22.Qf2 Qe6
23.Re1 Qf6 24.Qg3 Nf7 25.Qf4 g6 26.Qg3 Re6 27.f4 Rde8 28.Bb4 a5 29.Ba3 Kh8
30.Qh3 Qd8 31.Nf3 Qd7 32.Bb2 Rxe3 33.Rxe3 Rxe3 34.Ne5 Rxh3 35.Nxd7 Rd3 36.Nb6 Rd2
37.Nxd5 Nc1 38.Ra1 Ne2+ 39.Kf1 Rxb2 40.Re1 Nxc3 41.Nxc3 Nd6 42.Re6 Ne4 43.Nxe4 fxe4
44.Rxe4 c3 45.Re8+ Kg7 46.Rc8 c2 47.Ke2 Ra2 48.Kd2 Rxa4 49.Rc7+ Kh6 50.Kd3 Rb4
51.Rxc2 a4 52.g3 Kg7 53.d5 Kf6 54.Re2 a3 55.Kc3 Rb6 56.h3 Kf7 57.g4 Kf6 58.h4 h5
59.gxh5 gxh5 60.Ra2 Ra6 61.Kb4 Kf5  1/2-1/2

[Event "Philadelphia"]
[Site "Philadelphia"]
[Date "1986.??.??"]
[Round "?"]
[White "Fedorowicz, John P"]
[Black "Costigan, Richard"]
[Result "1/2-1/2"]
[WhiteElo "2500"]
[BlackElo "2310"]

1.d4 Nf6 2.c4 c6 3.Nc3 d6 4.e4 Nbd7 5.Nf3 e5 6.Be2 Be7 7.O-O O-O 8.Re1 a6
9.a3 b5 10.b4 Re8 11.Bf1 Bb7 12.Qb3 exd4 13.Nxd4 Ne5 14.cxb5 cxb5 15.Nf5 Bf8
16.Bg5 h6 17.Bh4 Ng6 18.Bg3 Nxe4 19.Nxe4 Bxe4 20.Nxd6 Bxd6 21.Rad1 Re6 22.Rxd6 Rxd6
23.Bxd6 Qxd6 24.Rxe4 Qc6 25.Qe3 Rd8 26.h4 Nf8 27.Be2 Ne6 28.Bg4 Re8 29.g3 Nc7
30.Bf3 Rxe4 31.Bxe4 Qd6 32.Kg2 Ne6 33.f4 Nd4 34.h5 Ne6 35.Qc3 Kf8 36.Qe5 Ke7
37.Qxd6+ Kxd6 38.Bb7 Nd4 39.Bxa6 Kc6 40.Kf2 Nc2 41.Ke2 Nxa3 42.Kd3 Nc4 43.Bc8 Nb6
44.Bh3 Nd5 45.Bg2 Kd6 46.Bxd5 Kxd5 47.g4 f6  1/2-1/2

[Event "Philadelphia"]
[Site "Philadelphia"]
[Date "1986.??.??"]
[Round "?"]
[White "Schroer, Jonathan"]
[Black "Fedorowicz, John P"]
[Result "1/2-1/2"]
[WhiteElo "2370"]
[BlackElo "2500"]

1.d4 Nf6 2.c4 e6 3.Nf3 b6 4.Nc3 Bb7 5.a3 d5 6.cxd5 Nxd5 7.Qc2 Nxc3 8.Qxc3 h6
9.e3 a6 10.Be2 Nd7 11.O-O Be7 12.b4 O-O 13.Bb2 Bf6  1/2-1/2

[Event "Nordic-USA"]
[Site "Reykjavik"]
[Date "1986.??.??"]
[Round "2"]
[White "Schussler, Harry"]
[Black "Fedorowicz, John P"]
[Result "1-0"]
[WhiteElo "2455"]
[BlackElo "2500"]

1.d4 Nf6 2.Nf3 e6 3.c4 c5 4.d5 exd5 5.cxd5 d6 6.Nc3 g6 7.Bf4 Bg7 8.Qa4+ Bd7
9.Qb3 Qc7 10.e4 O-O 11.Nd2 Nh5 12.Be3 f5 13.exf5 gxf5 14.Be2 f4 15.Bxc5 Na6
16.Ba3 Rae8 17.Nce4 Nf6 18.Bxd6 Qa5 19.Nc3 Rxe2+ 20.Kxe2 Re8+ 21.Kf1 Bf5
22.Kg1 Ng4 23.Nf3 Nxf2 24.Kxf2 Nc5 25.Qb5 Nd3+ 26.Kg1 Qd8 27.Bc5 Bxc3 28.bxc3 Re2
29.Bd4 Qe7 30.h3 Rb2 31.d6  1-0

[Event "Cannes"]
[Site "Cannes"]
[Date "1987.??.??"]
[Round "?"]
[White "Miralles, Gilles"]
[Black "Fedorowicz, John P"]
[Result "0-1"]
[WhiteElo "2450"]
[BlackElo "2535"]

1.d4 Nf6 2.c4 c5 3.d5 b5 4.Nf3 b4 5.g3 g6 6.Bg2 Bg7 7.Nbd2 O-O 8.O-O a5 9.e4 d6
10.e5 dxe5 11.Nxe5 Nfd7 12.Nd3 a4 13.Rb1 Ra5 14.Ne4 Ne5 15.Nxe5 Bxe5 16.Bh6 Re8
17.Re1 Bf5 18.g4 Bxe4 19.Rxe4 Nd7 20.Qe2 Qc7 21.h4 Bh2+ 22.Kf1 Nf6 23.Re3 Bf4
24.Bxf4 Qxf4 25.Bf3 h6 26.Re1 Ra7 27.Kg2 Kg7 28.Re5 b3 29.axb3 axb3 30.d6 e6
31.Rxc5 Qxd6 32.Rb5 Rc7 33.Rxb3 Qf4 34.Qe5 Qxe5 35.Rxe5 Rxc4 36.Kg3 Rd8 37.g5 hxg5
38.hxg5 Ne8 39.Be4 Rd1 40.f3 Nd6 41.Rc3 Rd2 42.Rb3 Rc1 43.Bd3 Rcd1 44.Re3 e5
45.f4 Rg1+ 46.Kf3 exf4 47.Kxf4 Rf2+ 48.Ke5 Nf5 49.Bxf5 Rxf5+ 50.Kd6 Rgxg5
51.Rb4 Rg1 52.Rc4 g5 53.b4 Kf6 54.Ree4 Rb1 55.Kc6 Kg6 56.Re8 Rf6+ 57.Kc7 Rf4
58.Rg8+ Kh7 59.Rxf4 gxf4 60.Rg4 Rxb4  0-1

[Event "Cannes"]
[Site "Cannes"]
[Date "1987.??.??"]
[Round "?"]
[White "Gulko, Boris F"]
[Black "Fedorowicz, John P"]
[Result "1/2-1/2"]
[WhiteElo "2525"]
[BlackElo "2535"]

1.d4 Nf6 2.c4 c5 3.d5 b5 4.Nf3 Bb7 5.a4 b4 6.g3 g6 7.b3 Bg7 8.Bb2 O-O 9.Bg2 e6
10.O-O exd5 11.cxd5 d6 12.Nfd2 Nbd7 13.Nc4 Nb6 14.Nxb6 axb6 15.e4 h5 16.Nd2 h4
17.Re1 hxg3 18.hxg3 Nd7 19.Qc2 Bxb2 20.Qxb2 Ne5 21.Bf1 g5 22.Be2 Qf6 23.Kg2 Rae8
24.Rh1 Ng4 25.Qxf6 Nxf6 26.Bd3 Kg7 27.Rae1 Rh8 28.Rxh8 Rxh8 29.f3 g4 30.f4 Rh3
31.Bc4 Kf8 32.Nf1 Nh5 33.e5 Ke7 34.Kf2 Ng7 35.Ne3 Rh2+ 36.Kg1 Rh3 37.Kg2 Bc8
38.e6 f5 39.a5 bxa5 40.Ra1 Nh5 41.Nf1 Bb7 42.Rxa5 Rxg3+ 43.Nxg3 Bxd5+ 44.Bxd5 Nxf4+
45.Kf2 Nxd5 46.Nxf5+ Kxe6 47.Ne3 Nc3 48.Ra8 d5 49.Nxg4 c4 50.Ra6+ Ke7 51.bxc4 b3
52.Ne3 b2 53.Nxd5+ Nxd5 54.Ra7+ Kd6 55.Rb7 Nc3  1/2-1/2